01605nam a22002297a 4500008004100000020001800041040000800059041000800067100003200075245003100107260003200138300002400170520096600194650002601160650003501186650002001221650003101241650003001272651002301302651002901325655002101354250616b |||||||| |||| 00| 0 eng d a9781529094084 ctbs aeng aMorton, Kated1976-eauthor aHomecomingc/ Kate Morton. aDublin :bPan Books,c2024. a631 pages ;c20 cm. aDiscover this breathtaking mystery of love, lies and a cold case come back to life, from the multi-million-copy bestseller, Kate Morton. Adelaide Hills, 1959. At the end of a scorching hot day, in the grounds of a grand country house, a local man makes a terrible discovery. Police are called, and the small town of Tambilla becomes embroiled in one of the most mystifying murder investigations in the history of Australia. London, 2018. Jess is a journalist in search of a story. Having lived and worked in London for nearly two decades, a phone call summons her back to Sydney, where her beloved grandmother, Nora, has suffered a fall and is seriously ill in hospital. Seeking comfort in her past, Jess discovers a true crime book at Nora’s house chronicling a long-buried police case: the Turner Family Tragedy of 1959. And within its pages she finds a shocking personal connection to this notorious event – a crime that has never truly been solved... 0aGrandmothersvFiction 0aMurderxInvestigationvFiction 0aMurdervFiction 0aWomen journalistsvFiction 0aNineteen fiftiesvFiction 0aAustraliavFiction 0aSydney (N.S.W.)vFiction 0aSuspense fiction